[Event "Mistrovstvi Cech 2019 - HD16"]
[Site "Prichovice u Korenova"]
[Date "2019.10.30"]
[Round "6"]
[White "Husa, Daniel"]
[Black "Brozka, Karel"]
[Result "1/2-1/2"]
[WhiteElo "1832"]
[BlackElo "1940"]
[EventDate "2019.10.26"]

1. e4  d5  2. exd5  Qxd5
3. Nc3  Qa5  4. Nf3
c6  5. Bc4  Nf6
6. O-O  Bf5  7. d3 e6 8. h3  Be7
9. Nh4  Bg6  10. Nxg6
hxg6  11. Re1  Nbd7
12. Bf4  Nd5  13. Nxd5
cxd5  14. Bb3  Nf6
15. d4  O-O  16. c3
Rfc8  17. Bc2  Qb6
18. Rb1  Qc6  19. Bg5
b5  20. Bd3  Rab8
21. a3  a5  22. Rc1
Qb6  23. Qe2  Rc6
24. Ra1  Rb7  25. Rec1
Rcc7  26. Bf4  Rc8
27. Kf1  Rc6  28. Kg1
Bd6  29. Bxd6  Rxd6
30. Qe3  Rc6  31. Qe2
Rb8  32. Kf1  Kf8
33. Ke1  Ne8  34. Rc2
Nd6  35. Kf1  Nc4
36. Bxc4  Rxc4  37. Rac1
Rbc8  38. Qd3  Kg8
39. Ke2  Kf8  40. Kf1
Ke7  41. Ke2  Kf8
1/2-1/2

[Event "Mistrovstvi Cech 2019 - HD16"]
[Site "Prichovice u Korenova"]
[Date "2019.10.30"]
[Round "6"]
[White "Janouch, Jachym Stepan"]
[Black "Bartos, Vaclav"]
[Result "1-0"]
[WhiteElo "1819"]
[BlackElo "1921"]
[EventDate "2019.10.26"]

1. e4  c5  2. Nf3  e6
3. Nc3  Nc6  4. d4
cxd4  5. Nxd4  Qc7
6. Be3  a6  7. Qf3
b5  8. Qg3  Bd6
9. f4  g6  10. Nxc6  dxc6
11. O-O-O  Bb7  12. e5
Bb4  13. Ne4  Qa5
14. Kb1  Rd8  15. Be2
Be7  16. Qf2  Rxd1+
17. Rxd1  f5  18. Nd6+
Bxd6  19. Rxd6  Qc7
20. Bb6  Qe7  21. Qd4
1-0

[Event "Mistrovstvi Cech 2019 - HD16"]
[Site "Prichovice u Korenova"]
[Date "2019.10.30"]
[Round "6"]
[White "Hofman, Krystof"]
[Black "Stastny, Jakub"]
[Result "1/2-1/2"]
[WhiteElo "2089"]
[BlackElo "1789"]
[EventDate "2019.10.26"]

1. d4  d5  2. Nf3  Nf6
3. c4  c6  4. e3
Bg4  5. Nc3  e6
6. Qb3  Qc7  7. Nh4  Be7
8. h3  Bh5  9. g4
Bg6  10. Nxg6  hxg6
11. Bg2  dxc4  12. Qxc4
Nbd7  13. e4  e5
14. d5  c5  15. Be3
Kf8  16. O-O  Ne8
17. Qe2  g5  18. Rfc1
a6  19. a4  b6
20. d6  Nxd6  21. Nd5  Qd8
22. Nxe7  Qxe7  23. Qd2
Rd8  24. Bxg5  f6
25. Be3  g5  26. Qe2
a5  27. Rd1  Nb8
28. Rd5  Nc6  29. Rad1
Nd4  30. Bxd4  cxd4
31. Rc1  1/2-1/2

[Event "Mistrovstvi Cech 2019 - HD16"]
[Site "Prichovice u Korenova"]
[Date "2019.10.30"]
[Round "6"]
[White "Flajsman, Petr"]
[Black "Rokos, Filip"]
[Result "0-1"]
[WhiteElo "1761"]
[BlackElo "2065"]
[EventDate "2019.10.26"]

1. d4  e6  2. Nf3  Nf6
3. Bf4  b6  4. e3
Bb7  5. Bd3  d6
6. Nbd2  Nbd7  7. h3  Qe7
8. Nc4  h6  9. a4
g5  10. Bh2  Bg7
11. Qe2  Ne4  12. c3
f5  13. Nfd2  Nxd2
14. Nxd2  O-O  15. O-O
e5  16. f4  gxf4
17. exf4  e4  18. Bc2
Qf6  19. Kh1  d5
20. Bg1  a5  21. Qf2
Ba6  22. Rfe1  Qd6
23. Rad1  Rf6  24. Nf1
Bxf1  25. Qxf1  Nf8
26. Be3  Ne6  27. Bb3
Kh7  28. Ba2  c6
29. c4  Nc7  30. Rc1
Rd8  31. Red1  Rg6
32. Qf2  Bf6  33. Kh2
Na6  34. cxd5  Nb4
35. Bc4  Nxd5  36. Bxd5
Qxd5  37. Qc2  Bg7
38. Rd2  Rgd6  39. Rcd1
Qe6  40. b3  Rd5
41. Qc4  Qc8  42. b4
axb4  43. Qxb4  Qa6
44. g4  fxg4  45. hxg4
Qc8  46. Kg3  h5
47. f5  Qc7+  48. Bf4
h4+  49. Kxh4  Qxf4
0-1

[Event "Mistrovstvi Cech 2019 - HD16"]
[Site "Prichovice u Korenova"]
[Date "2019.10.30"]
[Round "6"]
[White "Bauer, Jan"]
[Black "Krizek, Krystof"]
[Result "0-1"]
[WhiteElo "1721"]
[BlackElo "1980"]
[EventDate "2019.10.26"]

1. d4  d5  2. Nf3  Nf6
3. e3  e6  4. Bd3
c5  5. b3  b6
6. Nbd2  Ba6  7. Bxa6  Nxa6
8. Bb2  Be7  9. O-O
O-O  10. Rc1  b5
11. dxc5  Nxc5  12. Ne5
Rc8  13. c4  a6
14. cxd5  Nxd5  15. Ndf3  Qb6
16. e4  Nf6  17. Bd4
Qa5  18. Bxc5  Bxc5
19. Qc2  Qa3  20. Nd4
Bxd4  21. Qxc8  Bxe5
22. Qc2  Bd4  23. Kh1
e5  24. Qe2  Qe7
25. Rc6  Qb7  26. Rfc1
Rd8  27. Rc7  Qxe4
0-1

[Event "Mistrovstvi Cech 2019 - HD16"]
[Site "Prichovice u Korenova"]
[Date "2019.10.30"]
[Round "6"]
[White "Voriskova, Anna"]
[Black "Handl, Petr"]
[Result "1/2-1/2"]
[WhiteElo "1960"]
[BlackElo "1662"]
[EventDate "2019.10.26"]

1. e4  e5  2. Nf3  Nc6
3. Bb5  Nf6  4. d3
Bc5  5. Bxc6  dxc6
6. Nbd2  Bg4  7. h3
Bh5  8. Nc4  Qe7
9. Qe2  Nd7  10. Bd2
f6  11. Ne3  O-O-O
12. O-O-O  Nb6  13. Nf5
Qf7  14. Kb1  Rhf8
15. Be3  Bb4  16. d4
g6  17. N5h4  exd4
18. Bxd4  Bxf3  19. Nxf3
Rfe8  20. Bxb6  cxb6
21. Rxd8+  Rxd8  22. Rd1
Bc5  23. Rxd8+  Kxd8
24. e5  fxe5  25. Qxe5
Qd7  26. Qb8+  Ke7
27. Qe5+  Kd8  28. Kc1
Bxf2  29. Ng5  Kc8
30. Ne6  Qe7  31. Qe2
Bh4  32. Qg4  Kb8
33. Qf4+  Kc8  34. Qg4
Kb8  1/2-1/2

[Event "Mistrovstvi Cech 2019 - HD16"]
[Site "Prichovice u Korenova"]
[Date "2019.10.30"]
[Round "6"]
[White "Lieber, Lukas"]
[Black "Hurtik, Matej"]
[Result "0-1"]
[WhiteElo "1669"]
[BlackElo "1924"]
[EventDate "2019.10.26"]

1. e4  d5  2. exd5  Qxd5
3. Nc3  Qa5  4. g3
Bd7  5. Bg2  Bc6
6. Nf3  Nf6  7. O-O
g5  8. d4  g4
9. Nh4  Bxg2  10. Nxg2  Nc6
11. Bf4  O-O-O  12. d5
h5  13. Ne3  e6
14. Bg5  Be7  15. Bxf6  Bxf6
16. Ne4  Be7  17. c4
Ne5  18. a3  f5
19. b4  Qa6  20. Nd2  h4
21. Qe2  Bf6  22. b5
Qa5  23. Kh1  Rd7
24. Nb3  Qc3  25. Rfb1
Rdh7  26. Nf1  hxg3
27. fxg3  Nf3  28. Qxe6+
Kb8  29. Ra2  Qd3
30. Rc1  Qxf1+  31. Rxf1
Rxh2+  32. Rxh2  Rxh2#
0-1

[Event "Mistrovstvi Cech 2019 - HD16"]
[Site "Prichovice u Korenova"]
[Date "2019.10.30"]
[Round "6"]
[White "Langmajer, Jan"]
[Black "Ocelak, Jakub"]
[Result "1/2-1/2"]
[WhiteElo "1615"]
[BlackElo "1870"]
[EventDate "2019.10.26"]

1. e4 e6  2. d4  d5  3. e5
c5  4. c3  Nc6
5. Nf3  Qb6  6. Be2  Nh6
7. Bxh6  gxh6  8. Qd2
Bd7  9. O-O  Bg7
10. Re1  Rc8  11. dxc5
Qxc5  12. Bf1  O-O
13. Na3  Ne7  14. Nc2
Bb5  15. Bxb5  Qxb5
16. Ncd4  Qb6  17. a4
a6  18. a5  Qc7
19. Ra4  Kh8  20. Nb3  Rg8
21. Rg4  Nc6  22. Qf4
Rcf8  23. Re3  Ne7
24. Nh4  Nc6  25. Nf3
Ne7  26. Nh4  1/2-1/2

[Event "Mistrovstvi Cech 2019 - HD16"]
[Site "Prichovice u Korenova"]
[Date "2019.10.30"]
[Round "6"]
[White "Kacirek, Jakub"]
[Black "Svejk, Martin"]
[Result "1/2-1/2"]
[WhiteElo "1532"]
[BlackElo "1858"]
[EventDate "2019.10.26"]

1. c4  Nf6  2. Nf3  Nc6
3. Nc3  e5  4. g3
g6  5. Bg2  Bg7
6. O-O  O-O  7. d3  d6
8. Rb1  a5  9. a3
h6  10. Bd2  Be6
11. Qc1  Kh7  12. b4
axb4  13. axb4  Qd7
14. b5  Ne7  15. Rd1
Bh3  16. Bh1  Nh5
17. Ne1  Rab8  18. Ra1
f5  19. Ra7  f4
20. Ne4  fxg3  21. hxg3  Nf5
22. Nc2  Nf6  23. Nxf6+
Rxf6  24. Rxb7  Rxb7
25. Bxb7  Nxg3  26. fxg3
Qg4  27. Be3  Qxg3+
28. Kh1  Bg4  29. Rf1
Qh3+  30. Kg1  Qg3+
31. Bg2  Bxe2  32. Rxf6
Bxf6  33. Qe1  Qg4
34. Qf2  Kg7  35. Bxh6+
Kxh6  36. Qxf6  Bxd3
37. Ne3  Qf4  38. Qh8+
Kg5  39. Qd8+  Kh6
40. Qh8+  1/2-1/2

[Event "Mistrovstvi Cech 2019 - HD16"]
[Site "Prichovice u Korenova"]
[Date "2019.10.30"]
[Round "6"]
[White "Ruzicka, Filip"]
[Black "Leksova, Sona"]
[Result "0-1"]
[WhiteElo "1792"]
[BlackElo "1386"]
[EventDate "2019.10.26"]

1. e4  e5  2. Nf3  Nc6
3. d4  exd4  4. c3
d5  5. exd5  Qxd5
6. cxd4  Nf6  7. Nc3
Bb4  8. a3  Bxc3+
9. bxc3  O-O  10. Be2
Bg4  11. O-O  Rfe8
12. Be3  b5  13. h3
Bh5  14. a4  a6
15. axb5  axb5  16. Rb1  Rab8
17. Rxb5  Rxb5  18. c4
Qd7  19. cxb5  Bxf3
20. gxf3  Nb4  21. Kg2
Nbd5  22. Bd2  Nh5
23. Re1  Ndf4+  24. Bxf4
Nxf4+  25. Kg1  Re6
26. Bf1  Rg6+  27. Kh2
Rh6  28. Qa4  Rxh3+
29. Kg1  g6  30. Re4
Rxf3  31. Qa8+  Kg7
32. Re6  Nh3+  33. Bxh3
Rxh3  34. Re3  Qg4+
35. Kf1  Qd1+  36. Re1
Qxd4  37. Qe4  Qxe4
38. Rxe4  Rb3  39. Re5
Kf6  40. Rc5  h5
41. Kg2  Ke6  42. Rxc7
Rxb5  43. Rc6+  Kf5 44. Rc7
f6  45. Rc4  Kg5
46. Ra4  Rf5  47. Kg3
Kh6  48. Rb4  g5
49. Ra4  h4+  50. Kg2
Kh5  51. Ra8  Rb5
52. Rh8+  Kg4  53. Rf8
f5  54. Rh8  Rb3
55. Ra8  h3+  56. Kh2
Rb2  0-1

[Event "Mistrovstvi Cech 2019 - HD16"]
[Site "Prichovice u Korenova"]
[Date "2019.10.30"]
[Round "6"]
[White "Kubin, Lukas"]
[Black "Zdechovsky, Tobias"]
[Result "0-1"]
[WhiteElo "1440"]
[BlackElo "1782"]
[EventDate "2019.10.26"]

1. e4  c5  2. Nf3  e6
3. d4  cxd4  4. Nxd4
Nc6  5. Be3  Qc7
6. Nc3  a6  7. a3
Nf6  8. f3  Be7
9. Bc4  b5  10. Bd3  O-O
11. b4  Nxd4  12. Bxd4
e5  13. Bc5  d6
14. Nd5  Nxd5  15. exd5  dxc5
0-1

[Event "Mistrovstvi Cech 2019 - HD16"]
[Site "Prichovice u Korenova"]
[Date "2019.10.30"]
[Round "6"]
[White "Chval, Zdenek"]
[Black "Strnadova, Monika"]
[Result "1-0"]
[WhiteElo "1782"]
[BlackElo "1488"]
[EventDate "2019.10.26"]
[PlyCount "89"]

1. e4 c5 2. Nf3 Nc6 3. d4 cxd4 4. Nxd4 g6 5. c4 Bg7 6. Be3 Nf6 7. Nc3 O-O 8.
Be2 d6 9. O-O Bd7 10. Qd2 Nxd4 11. Bxd4 Bc6 12. f3 Nd7 13. Bxg7 Kxg7 14. Kh1 a5
15. Nd5 Nc5 16. b3 Rh8 17. Qe3 h5 18. Rad1 Ne6 19. f4 Nc5 20. f5 e6 21. fxe6
fxe6 22. Nc3 e5 23. Nd5 Qh4 24. Bf3 Raf8 25. g3 Qh3 26. Qg5 Bxd5 27. exd5 Qd7
28. g4 hxg4 29. Bxg4 Qe8 30. Qe3 Qe7 31. Rf2 Qh4 32. Rg2 Rf4 33. Be6 Ne4 34.
Re1 Nf2+ 35. Kg1 Re4 36. Rxf2 Rxe3 37. Rxe3 Qg5+ 38. Rg3 Qh4 39. Rf7+ Kh6 40.
Rh3 Kg5 41. Rxh4 Rxh4 42. c5 dxc5 43. d6 Rh8 44. d7 e4 45. Kf1 1-0

[Event "Mistrovstvi Cech 2019 - HD16"]
[Site "Prichovice u Korenova"]
[Date "2019.10.30"]
[Round "6"]
[White "Semova, Lada"]
[Black "Cibulka, Josef"]
[Result "0-1"]
[WhiteElo "1420"]
[BlackElo "1908"]
[PlyCount "50"]
[EventDate "2019.10.26"]

1. d4 e5 2. dxe5 Nc6 3. Nf3 Qe7 4. Nc3 Nxe5 5. Nxe5 Qxe5 6. g3 Bb4 7. Bd2 Nf6
8. Bg2 O-O 9. a3 Ba5 10. O-O d6 11. Re1 Rb8 12. Bf4 Qe7 13. b4 Bb6 14. Nd5 Nxd5
15. Qxd5 Be6 16. Qd3 Qf6 17. c3 Rfe8 18. Rac1 d5 19. e4 dxe4 20. Bxe4 h6 21.
Qf3 Red8 22. Bxb7 Rxb7 23. Qxb7 Bd5 24. Qa6 Bxf2+ 25. Kxf2 Qxa6 0-1

[Event "Mistrovstvi Cech 2019 - FIDE"]
[Site "?"]
[Date "2019.10.31"]
[Round "7.1"]
[White "Holasek, Pavel"]
[Black "Hurdzan, Tomas"]
[Result "0-1"]
[BlackElo "2229"]
[WhiteElo "2120"]
[LiveChessVersion "1.4.8"]

1. d4 {[%clk 1:30:48]} Nf6 {[%clk 1:30:42]} 2. c4 {[%clk 1:31:08]} d6
{[%clk 1:30:51]} 3. Nc3 {[%clk 1:31:32]} Nbd7 {[%clk 1:31:13]} 4. e4
{[%clk 1:31:31]} e5 {[%clk 1:31:18]} 5. Nf3 {[%clk 1:29:30]} g6 {[%clk 1:30:34]}
6. g3 {[%clk 1:27:04]} Bg7 {[%clk 1:30:28]} 7. Bg2 {[%clk 1:27:29]} O-O
{[%clk 1:30:43]} 8. O-O {[%clk 1:27:45]} exd4 {[%clk 1:30:59]} 9. Nxd4
{[%clk 1:28:08]} Re8 {[%clk 1:31:15]} 10. Re1 {[%clk 1:27:06]} Nc5
{[%clk 1:30:42]} 11. b3 {[%clk 1:21:00]} a5 {[%clk 1:29:14]} 12. Bb2
{[%clk 1:20:55]} c6 {[%clk 1:28:43]} 13. Qd2 {[%clk 1:20:58]} a4 {[%clk 1:19:23]}
14. Rad1 {[%clk 1:20:20]} Qb6 {[%clk 1:16:15]} 15. Qc2 {[%clk 1:19:45]} Nfd7
{[%clk 1:14:49]} 16. Nxa4 {[%clk 1:10:16]} Nxa4 {[%clk 1:14:05]} 17. bxa4
{[%clk 1:09:06]} Qb4 {[%clk 1:01:56]} 18. Nb3 Bxb2 {[%clk 0:58:01]} 19. Qxb2
{[%clk 0:41:39]} Ne5 {[%clk 0:57:46]} 20. Qd2 {[%clk 0:35:20]} Qxd2
{[%clk 0:55:08]} 21. Nxd2 {[%clk 0:35:38]} Rxa4 {[%clk 0:51:46]} 22. f4
{[%clk 0:34:57]} Nd3 {[%clk 0:39:05]} 23. Re3 {[%clk 0:33:22]} Nb2
{[%clk 0:38:34]} 24. Ra1 {[%clk 0:32:22]} Nxc4 {[%clk 0:32:37]} 25. Nxc4
{[%clk 0:32:44]} Rxc4 {[%clk 0:33:05]} 26. Rd3 {[%clk 0:32:46]} Rd8
{[%clk 0:29:21]} 27. Rad1 {[%clk 0:32:15]} Be6 {[%clk 0:29:29]} 28. a3
{[%clk 0:20:05]} Ra8 {[%clk 0:27:07]} 29. Rxd6 {[%clk 0:19:31]} Rxa3
{[%clk 0:27:31]} 30. Rd8+ {[%clk 0:19:07]} Kg7 {[%clk 0:28:00]} 31. Rb8
{[%clk 0:19:28]} b5 {[%clk 0:24:17]} 32. Rb6 {[%clk 0:18:00]} Bg4
{[%clk 0:21:18]} 33. Rb1 {[%clk 0:16:49]} Rc2 {[%clk 0:16:27]} 34. e5
{[%clk 0:15:37]} Bf3 {[%clk 0:16:22]} 35. Bxf3 {[%clk 0:15:04]} Rxf3
{[%clk 0:16:51]} 36. Rb7 {[%clk 0:14:28]} Re3 {[%clk 0:17:09]} 37. Rd1
{[%clk 0:13:40]} Ree2 {[%clk 0:15:34]} 38. h4 {[%clk 0:12:58]} Kh6
{[%clk 0:09:24]} 39. Rxf7 {[%clk 0:08:01]} Kh5 {[%clk 0:09:54]} 40. g4+
{[%clk 0:08:21]} Kxg4 {[%clk 0:09:41]} 41. Rxh7 {[%clk 0:08:19]} Kf3
{[%clk 0:08:18]} 42. Rd3+ {[%clk 0:08:26]} Kxf4 {[%clk 0:08:44]} 43. Rf7+
{[%clk 0:06:56]} Kxe5 {[%clk 0:08:45]} 44. Re7+ {[%clk 0:06:57]} Kf6
{[%clk 0:08:57]} 45. Rxe2 {[%clk 0:06:38]} Rxe2 {[%clk 0:09:22]} 46. Kf1
{[%clk 0:06:37]} Re5 {[%clk 0:09:04]} 47. Kf2 {[%clk 0:06:55]} c5
{[%clk 0:09:09]} 48. Kf3 {[%clk 0:07:15]} b4 {[%clk 0:07:02]} 49. Kf4
{[%clk 0:07:31]} c4 {[%clk 0:06:25]} 50. Rd8 {[%clk 0:07:37]} Rc5
{[%clk 0:06:23]} 51. Rd6+ {[%clk 0:07:23]} 0-1

[Event "Mistrovstvi Cech 2019 - FIDE"]
[Site "?"]
[Date "2019.10.31"]
[Round "7.2"]
[White "Petr, Jakub"]
[Black "Nagy, Ladislav"]
[Result "1/2-1/2"]
[BlackElo "2140"]
[WhiteElo "2288"]
[LiveChessVersion "1.4.8"]

1. e4 c5 2. Nf3 Nc6 3. Bb5 e6 4. Bxc6 bxc6 5. d3 Ne7 6. Qe2 f6 7. e5 Ng6 8. b3
Be7 9. Bb2 O-O 10. O-O fxe5 11. Nxe5 Nxe5 12. Bxe5 d6 13. Bb2 Bf6 14. c4 Bxb2 15.
Qxb2 e5 16. Nd2 Qg5 17. Ne4 Qg6 18. f3 Bf5 19. Rad1 Rf7 20. Qf2 h6 21. Qg3 Qxg3
22. hxg3 Rd8 23. Kf2 Kf8 24. Ke3 Ke7 25. Kd2 Kd7 26. Kc3 Kc7 27. a3 a5 28. Rb1
Rb8 29. b4 axb4+ 30. axb4 cxb4+ 31. Rxb4 Rxb4 32. Kxb4 Rf8 33. Ra1 c5+ 34. Kc3
Kb6 35. Rb1+ Kc6 36. Ra1 Kb6 37. Rb1+ Kc6 38. Ra1 1/2-1/2

[Event "Mistrovstvi Cech 2019 - FIDE"]
[Site "?"]
[Date "2019.10.31"]
[Round "7.3"]
[White "Jun, Rudolf"]
[Black "Flajsman, Pavel"]
[Result "0-1"]
[BlackElo "1887"]
[WhiteElo "2105"]
[LiveChessVersion "1.4.8"]

1. e4 {[%clk 1:30:57]} c5 {[%clk 1:30:41]} 2. Nf3 {[%clk 1:31:04]} Nc6
{[%clk 1:31:04]} 3. Bb5 {[%clk 1:31:24]} g6 {[%clk 1:31:28]} 4. O-O
{[%clk 1:31:31]} Bg7 {[%clk 1:31:52]} 5. Re1 {[%clk 1:31:43]} Qb6
{[%clk 1:31:08]} 6. Bxc6 {[%clk 1:29:16]} Qxc6 {[%clk 1:30:43]} 7. d4
{[%clk 1:28:06]} d6 {[%clk 1:29:03]} 8. d5 {[%clk 1:22:02]} Qc7 {[%clk 1:28:56]}
9. Nc3 {[%clk 1:21:16]} Bg4 {[%clk 1:27:03]} 10. h3 {[%clk 1:21:00]} Bxf3
{[%clk 1:27:13]} 11. Qxf3 {[%clk 1:21:24]} Nf6 {[%clk 1:26:46]} 12. e5
{[%clk 1:02:20]} dxe5 {[%clk 1:22:55]} 13. d6 {[%clk 1:02:10]} Qxd6
{[%clk 1:22:08]} 14. Qxb7 {[%clk 1:02:21]} O-O {[%clk 1:22:02]} 15. Be3
{[%clk 0:59:33]} Qb6 16. Qxb6 {[%clk 0:41:36]} axb6 {[%clk 0:51:49]} 17. Bg5
{[%clk 0:41:58]} e6 {[%clk 0:36:14]} 18. Bxf6 {[%clk 0:39:36]} Bxf6
{[%clk 0:36:41]} 19. Ne4 {[%clk 0:39:12]} Be7 {[%clk 0:36:21]} 20. Nd2
{[%clk 0:38:49]} Rfd8 {[%clk 0:30:37]} 21. Nc4 {[%clk 0:38:41]} b5
{[%clk 0:27:10]} 22. Nxe5 {[%clk 0:38:07]} Rd2 {[%clk 0:27:33]} 23. Rec1
{[%clk 0:38:19]} Bf6 {[%clk 0:26:51]} 24. Nf3 {[%clk 0:38:32]} Rd6
{[%clk 0:26:51]} 25. c3 {[%clk 0:38:20]} Rda6 {[%clk 0:26:32]} 26. a3
{[%clk 0:37:32]} b4 {[%clk 0:26:15]} 27. Nd2 {[%clk 0:36:43]} bxc3
{[%clk 0:24:17]} 28. bxc3 {[%clk 0:37:04]} Bg5 {[%clk 0:22:35]} 29. Rd1
{[%clk 0:37:06]} Bxd2 {[%clk 0:22:47]} 30. Rxd2 {[%clk 0:37:30]} Rxa3
{[%clk 0:23:16]} 31. Rxa3 {[%clk 0:37:15]} Rxa3 {[%clk 0:23:44]} 32. Rd3
{[%clk 0:36:43]} Kf8 {[%clk 0:21:48]} 33. g3 {[%clk 0:36:40]} Ke7
{[%clk 0:21:24]} 34. Kg2 {[%clk 0:37:06]} f6 {[%clk 0:21:02]} 35. f4
{[%clk 0:37:21]} c4 {[%clk 0:20:27]} 36. Re3 {[%clk 0:37:47]} Kd6
{[%clk 0:20:52]} 37. Kf3 {[%clk 0:38:12]} Kd5 {[%clk 0:20:32]} 38. g4
{[%clk 0:38:15]} g5 {[%clk 0:18:36]} 39. Kg3 {[%clk 0:36:36]} e5 {[%clk 0:17:50]}
40. f5 {[%clk 0:36:58]} e4 {[%clk 0:16:13]} 41. h4 {[%clk 0:36:51]} h6
{[%clk 0:16:28]} 42. hxg5 {[%clk 0:36:44]} hxg5 {[%clk 0:16:54]} 43. Kg2
{[%clk 0:36:55]} Ke5 {[%clk 0:17:09]} 44. Kg3 {[%clk 0:37:20]} Rb3
{[%clk 0:17:34]} 0-1

[Event "Mistrovstvi Cech 2019 - FIDE"]
[Site "?"]
[Date "2019.10.31"]
[Round "7.4"]
[White "Stanek, Ondrej"]
[Black "Hlavac, Rudolf"]
[Result "0-1"]
[BlackElo "1957"]
[WhiteElo "2063"]
[LiveChessVersion "1.4.8"]

1. e4 {[%clk 1:29:12]} c5 {[%clk 1:30:46]} 2. Nf3 {[%clk 1:29:31]} Nc6
{[%clk 1:31:03]} 3. Bb5 {[%clk 1:29:38]} Na5 {[%clk 1:31:16]} 4. O-O
{[%clk 1:24:33]} a6 {[%clk 1:30:54]} 5. Be2 {[%clk 1:24:51]} b5 {[%clk 1:30:59]}
6. d4 {[%clk 1:20:05]} cxd4 {[%clk 1:31:00]} 7. Nxd4 {[%clk 1:18:48]} Bb7
{[%clk 1:30:23]} 8. e5 {[%clk 1:12:10]} e6 {[%clk 1:25:23]} 9. a4
{[%clk 1:10:06]} b4 {[%clk 1:24:13]} 10. f4 {[%clk 1:00:56]} Bc5 {[%clk 1:20:32]}
11. Kh1 {[%clk 0:55:32]} Ne7 {[%clk 1:19:15]} 12. Be3 {[%clk 0:51:21]} Qc7
{[%clk 1:13:42]} 13. Nd2 {[%clk 0:44:02]} Rc8 {[%clk 1:05:53]} 14. N2b3
{[%clk 0:37:40]} Nxb3 15. cxb3 O-O 16. Rc1 {[%clk 0:35:07]} Qb6 {[%clk 1:00:07]}
17. f5 {[%clk 0:13:29]} exf5 {[%clk 0:51:59]} 18. Nxf5 {[%clk 0:10:08]} Nxf5
{[%clk 0:49:52]} 19. Bxc5 {[%clk 0:10:24]} Rxc5 {[%clk 0:48:36]} 20. Rxc5
{[%clk 0:10:33]} Bxg2+ {[%clk 0:44:31]} 21. Kg1 {[%clk 0:09:24]} Qxc5+
{[%clk 0:44:43]} 22. Rf2 {[%clk 0:09:39]} Bc6 {[%clk 0:41:50]} 0-1

[Event "Mistrovstvi Cech 2019 - FIDE"]
[Site "?"]
[Date "2019.10.31"]
[Round "7.5"]
[White "Holasek, Vojtech"]
[Black "Hlavacek, Tomas"]
[Result "0-1"]
[BlackElo "2157"]
[WhiteElo "1905"]
[LiveChessVersion "1.4.8"]

1. Nf3 {[%clk 1:30:57]} Nf6 {[%clk 1:30:46]} 2. c4 {[%clk 1:31:21]} c6
{[%clk 1:31:12]} 3. b3 {[%clk 1:31:27]} d5 {[%clk 1:31:17]} 4. Bb2
{[%clk 1:31:32]} e6 {[%clk 1:31:35]} 5. g3 {[%clk 1:31:46]} Be7 {[%clk 1:31:59]}
6. Bg2 {[%clk 1:32:07]} Nbd7 {[%clk 1:31:53]} 7. O-O {[%clk 1:32:26]} O-O
{[%clk 1:32:20]} 8. d3 {[%clk 1:32:44]} Qc7 {[%clk 1:29:58]} 9. Nbd2
{[%clk 1:32:26]} Re8 {[%clk 1:21:11]} 10. Rc1 {[%clk 1:32:18]} Qa5
{[%clk 1:13:38]} 11. Rc2 {[%clk 1:31:02]} Ba3 {[%clk 1:10:59]} 12. Ba1
{[%clk 1:30:01]} b6 {[%clk 1:05:25]} 13. Nd4 {[%clk 1:25:04]} Bb7
{[%clk 1:01:45]} 14. cxd5 {[%clk 1:23:59]} cxd5 {[%clk 1:00:10]} 15. Nc4
{[%clk 1:23:24]} dxc4 {[%clk 0:52:58]} 16. Bxb7 {[%clk 1:23:39]} cxd3
{[%clk 0:47:48]} 17. exd3 {[%clk 1:23:53]} Qg5 {[%clk 0:45:16]} 18. Nf3
{[%clk 1:21:19]} Qf5 {[%clk 0:45:05]} 19. Nh4 {[%clk 1:19:42]} Qg5
{[%clk 0:43:32]} 20. Bxa8 {[%clk 1:19:45]} Rxa8 {[%clk 0:44:00]} 21. Rc7
{[%clk 1:13:24]} a5 {[%clk 0:41:23]} 22. Qc2 {[%clk 1:09:11]} h5 {[%clk 0:40:35]}
23. Qc6 {[%clk 1:09:11]} Rd8 24. Nf3 Qf5 {[%clk 0:40:35]} 25. Rd1
{[%clk 1:05:33]} Nd5 {[%clk 0:39:18]} 26. Rxd7 {[%clk 1:04:21]} Rxd7
{[%clk 0:39:43]} 27. Qxd7 {[%clk 1:04:08]} Qxf3 {[%clk 0:40:08]} 28. Qc8+
{[%clk 1:04:16]} Bf8 {[%clk 0:37:39]} 29. Qc2 {[%clk 1:04:24]} h4
{[%clk 0:36:11]} 30. h3 {[%clk 0:58:50]} hxg3 {[%clk 0:34:35]} 31. Be5
{[%clk 0:54:26]} gxf2+ {[%clk 0:33:29]} 0-1

[Event "Mistrovstvi Cech 2019 - FIDE"]
[Site "?"]
[Date "2019.10.31"]
[Round "7.6"]
[White "Zizka, Petr"]
[Black "Pise, Jiri"]
[Result "1-0"]
[BlackElo "1775"]
[WhiteElo "2128"]
[LiveChessVersion "1.4.8"]

1. e4 e5 2. Nf3 Nc6 3. Bb5 a6 4. Ba4 Nf6 5. O-O b5 6. Bb3 Be7 7. Re1 O-O 8. c3 d5
9. exd5 Nxd5 10. Nxe5 Nxe5 11. Rxe5 c6 12. d4 Bd6 13. Re1 Qh4 14. g3 Qh3 15. Bxd5
cxd5 16. Qf3 Bb7 17. Bf4 Rfe8 18. Nd2 Qd7 19. Bxd6 Qxd6 20. Re3 Re6 21. Rae1 Rae8
22. Nb3 Bc8 23. Nc5 Rxe3 24. Rxe3 Rxe3 25. Qxe3 Kf8 26. Qe5 Qxe5 27. dxe5 Ke7 28.
f4 f6 29. Kf2 g5 30. Ke3 a5 31. Kd4 Be6 32. Nxe6 Kxe6 33. exf6 Kxf6 34. fxg5+
Kxg5 35. h3 Kf5 36. Kxd5 h6 37. b3 1-0

[Event "Mistrovstvi Cech 2019 - FIDE"]
[Site "?"]
[Date "2019.10.31"]
[Round "7.7"]
[White "Mach, Petr"]
[Black "Polansky, Adam Lubos"]
[Result "1-0"]
[BlackElo "2039"]
[WhiteElo "2050"]
[LiveChessVersion "1.4.8"]

1. Nf3 {[%clk 1:30:55]} Nf6 {[%clk 1:30:02]} 2. c4 {[%clk 1:31:20]} e6
{[%clk 1:30:25]} 3. e3 {[%clk 1:30:31]} d5 {[%clk 1:30:50]} 4. b3
{[%clk 1:30:45]} g6 {[%clk 1:29:51]} 5. Nc3 {[%clk 1:12:07]} Bg7 {[%clk 1:30:13]}
6. Ba3 {[%clk 0:59:55]} Ne4 {[%clk 1:27:59]} 7. Rc1 {[%clk 0:59:01]} b6
{[%clk 1:26:45]} 8. cxd5 {[%clk 0:57:36]} Nxc3 {[%clk 1:26:18]} 9. dxc3
{[%clk 0:56:21]} Qxd5 {[%clk 1:26:44]} 10. Qxd5 {[%clk 0:52:29]} exd5
{[%clk 1:27:07]} 11. c4 {[%clk 0:52:51]} dxc4 {[%clk 1:25:50]} 12. Bxc4
{[%clk 0:52:44]} c5 {[%clk 1:26:17]} 13. Bd5 {[%clk 0:53:03]} 1-0